000 003080000a22001330004500
003 MACL
040 _aMACL
090 _c38220
_d38218
100 _aCane, Sir Edmund F Du
245 _aThe Punishment and Prevention of Crime
260 _bMacmillan & Co Ltd
_c1885
650 _aLaw
942 _cBOOK
_k343.2/CAN
999 _c37812
_d37812